000
00142 a2200073 4500
020
_a
9780798144940
082
_a
AJF DEWA
245
_a
!Sit Oom Paul
999
_c
793045
_d
793044
942
_w
2694
_x
Grace Mofokeng
_y
2694
_z
Grace Mofokeng